00357nam a2200109Ia 45000010005000000080041000050200022000460820022000681000040000902450096001302600021002262847241024s9999 xx 000 0 und d a978-9945-074-79-6 aRD/972.9303/G643l aMaría Filomena González Canalda 0aLibertad igualdad: Protocolos notariales de José Troncoso y Antonio Abad Solano 1822-1840 bEd. Búhoc2012